[Event "RUS-ch Rapid"]
[Site "Sochi"]
[Date "2023.10.16"]
[Round "8"]
[White "Parfenov, Efim"]
[Black "Ivlev, Aleksey"]
[Result "1/2-1/2"]
[WhiteElo "2125"]
[BlackElo "2315"]
[PlyCount "78"]
[EventDate "2023.10.15"]
[EventType "swiss (rapid)"]
[EventRounds "11"]
[EventCountry "RUS"]
[SourceTitle "CBM 216 Extra"]
[Source "ChessBase"]
[SourceDate "2023.11.30"]
[SourceVersion "1"]
[SourceVersionDate "2023.11.30"]
[SourceQuality "1"]

1. d4 Nf6 2. c4 c5 3. d5 e6 4. Nc3 exd5 5. cxd5 d6 6. Nf3 g6 7. g3 Bg7 8. Bg2 0-0 9. 0-0 a6 10. a4 Nbd7 11. Bf4 Qe7 12. h3 Rb8 13. a5 b5 14. axb6 Rxb6 15. Qc1 Bb7 16. Bg5 Ne5 17. Nd2 h6 18. Bxf6 Qxf6 19. Nce4 Qe7 20. f4 Nd7 21. Nc4 Bxd5 22. Nxb6 Nxb6 23. Qc2 Nc4 24. Qd3 Bd4+ 25. Kh2 Ne3 26. Bf3 Bc4 27. Qd2 Nxf1+ 28. Rxf1 Rb8 29. Qc2 d5 30. Nc3 Qb7 31. Rb1 Qb3 32. Qxb3 Rxb3 33. Bxd5 Bxd5 34. Nxd5 Rxb2 35. Rxb2 Bxb2 36. Kg2 c4 37. Ne3 c3 38. Kf3 a5 39. Ke4 a4 1/2-1/2